<?xml version="1.0" encoding="UTF-8"?><?xml-stylesheet type="text/xsl" href="static/style.xsl"?><OAI-PMH xmlns="http://www.openarchives.org/OAI/2.0/" xmlns:xsi="http://www.w3.org/2001/XMLSchema-instance" xsi:schemaLocation="http://www.openarchives.org/OAI/2.0/ http://www.openarchives.org/OAI/2.0/OAI-PMH.xsd"><responseDate>2026-04-14T02:28:29Z</responseDate><request verb="GetRecord" identifier="oai:www.recercat.cat:10459.1/468517" metadataPrefix="marc">https://recercat.cat/oai/request</request><GetRecord><record><header><identifier>oai:recercat.cat:10459.1/468517</identifier><datestamp>2025-09-08T18:13:53Z</datestamp><setSpec>com_2072_3622</setSpec><setSpec>col_2072_479130</setSpec></header><metadata><record xmlns="http://www.loc.gov/MARC21/slim" xmlns:dcterms="http://purl.org/dc/terms/" xmlns:xsi="http://www.w3.org/2001/XMLSchema-instance" xmlns:doc="http://www.lyncode.com/xoai" xsi:schemaLocation="http://www.loc.gov/MARC21/slim http://www.loc.gov/standards/marcxml/schema/MARC21slim.xsd">
   <leader>00925njm 22002777a 4500</leader>
   <datafield ind2=" " ind1=" " tag="042">
      <subfield code="a">dc</subfield>
   </datafield>
   <datafield ind2=" " ind1=" " tag="720">
      <subfield code="a">Leão Pereira, Ana Flávia</subfield>
      <subfield code="e">author</subfield>
   </datafield>
   <datafield ind2=" " ind1=" " tag="260">
      <subfield code="c">2025-07-30T08:30:30Z</subfield>
   </datafield>
   <datafield ind2=" " ind1=" " tag="260">
      <subfield code="c">2025-06-19</subfield>
   </datafield>
   <datafield ind2=" " ind1=" " tag="260">
      <subfield code="c">2026-06-19T02:00:00Z</subfield>
   </datafield>
   <datafield ind2=" " ind1=" " tag="520">
      <subfield code="a">L’Educació Física de Qualitat (EFC) és una preocupació clau d’organismes internacionals com la UNESCO, vinculada a l’Agenda 2030 i l’ODS 4. Aquesta tesi analitza com es configura una EFC mitjançant una investigació en quatre fases: revisió de literatura, estudi de cas en una escola innovadora, consulta a experts amb el mètode Delphi i desenvolupament de la plataforma digital EFCool. Els resultats indica que la qualitat a l’EF és un procés reflexiu sobre diferents elements com els propòsits i la programació de la matèria, el procés metodològic i avaluatiu, sense oblidar el paper de la gestió institucional. Els elements de qualitat de l'EFCool, juntament amb els resultats trobats als articles i produccions tècniques, indiquen que la qualitat va més enllà del que suggereixen les organitzacions. Es proposa vincular-la amb un conjunt d'elements relacionats tant amb el procés com amb els resultats: les competències del professorat a l'aula, la interacció amb els factors institucionals, els components de lògica interna en el disseny, el desenvolupament i l'avaluació de les activitats, així com la forma en què es gestiona l'ambient social de la classe.</subfield>
   </datafield>
   <datafield ind2=" " ind1=" " tag="520">
      <subfield code="a">La Educación Física de Calidad (EFC) es una preocupación clave de organismos internacionales como la UNESCO, vinculada a la Agenda 2030 y el ODS 4. Esta tesis analiza cómo se configura una EFC mediante una investigación en cuatro fases: revisión de literatura, estudio de caso en una escuela innovadora, consulta expertos con el método Delphi. Los resultados indica que la calidad en la EF es un proceso reflexivo sobre diferentes elementos como los propósitos y la programación de la materia, el proceso metodológico y evaluativo, sin olvidar el papel de la gestión institucional. Los elementos de calidad de EFCool, junto con los resultados encontrados en los artículos y producciones técnicas, indican que la calidad va más allá de lo que sugieren las organizaciones. Se propone vincularla con un conjunto de elementos relacionados tanto con el proceso como con los resultados: las competencias del profesorado en el aula, la interacción con los factores institucionales, los componentes de lógica interna en el diseño, el desarrollo y la evaluación de las actividades, así como la forma en que se gestiona el ambiente social de la clase.</subfield>
   </datafield>
   <datafield ind2=" " ind1=" " tag="520">
      <subfield code="a">Quality Physical Education (QPE) is a key concern of international organizations such as UNESCO, linked to the 2030 Agenda and SDG 4. This thesis analyzes how a QPE is configured through a four-phase research: literature review, case study in an innovative school, expert consultation with the Delphi method. The results indicate that quality in PE is a reflective process on different elements such as the purposes and programming of the subject, the methodological and evaluative process, without forgetting the role of institutional management. The quality elements of the EFCool, together with the results found in the articles and technical productions, indicate that quality goes beyond what organizations suggest. It is proposed to link it with a set of elements related to both the process and the results: the skills of the teaching staff in the classroom, the interaction with institutional factors, the internal logic components in the design, development and evaluation of activities, as well as the way in which the social environment of the class is managed.</subfield>
   </datafield>
   <datafield ind1="8" ind2=" " tag="024">
      <subfield code="a">http://hdl.handle.net/10459.1/468517</subfield>
   </datafield>
   <datafield tag="653" ind2=" " ind1=" ">
      <subfield code="a">Educació física</subfield>
   </datafield>
   <datafield tag="653" ind2=" " ind1=" ">
      <subfield code="a">Qualitat</subfield>
   </datafield>
   <datafield tag="653" ind2=" " ind1=" ">
      <subfield code="a">Innovació</subfield>
   </datafield>
   <datafield tag="653" ind2=" " ind1=" ">
      <subfield code="a">Educació física</subfield>
   </datafield>
   <datafield tag="653" ind2=" " ind1=" ">
      <subfield code="a">Calidad</subfield>
   </datafield>
   <datafield tag="653" ind2=" " ind1=" ">
      <subfield code="a">Innovación</subfield>
   </datafield>
   <datafield tag="653" ind2=" " ind1=" ">
      <subfield code="a">Physical Education</subfield>
   </datafield>
   <datafield tag="653" ind2=" " ind1=" ">
      <subfield code="a">Quality</subfield>
   </datafield>
   <datafield tag="653" ind2=" " ind1=" ">
      <subfield code="a">Quality</subfield>
   </datafield>
   <datafield tag="653" ind2=" " ind1=" ">
      <subfield code="a">Educació Física i Esportiva</subfield>
   </datafield>
   <datafield tag="653" ind2=" " ind1=" ">
      <subfield code="a">79</subfield>
   </datafield>
   <datafield ind2="0" ind1="0" tag="245">
      <subfield code="a">Educación Física de Calidad: una mirada reflexiva para su desarrollo en la enseñanza secundaria</subfield>
   </datafield>
</record></metadata></record></GetRecord></OAI-PMH>